00443nam a2200145Ia 4500008004100000041001200041082001100053100001400064245004300078260000600121650000600127942000700133999001700140952014000157221030s9999 xx 000 0 und d aEnglish a105.23 aP. C. Sen 0aModern Power Electronicscby P. C. Sen c0 aB cBK c11775d11775 pB 186l0o105.23 r2022-10-30 00:00:00w2022-10-30yBK003Print4070aMIETLIBbMIETLIBcBL-, FL-, CUP-0, SH-0, R-0d2012-06-0710HBE